三菱コンツェルン : 経営と財務の総合分析

שמור ב:
מידע ביבליוגרפי
מחבר ראשי: 野口祐(のぐち たすく)
פורמט: ספר
שפה:Undetermined
יצא לאור: 東京 新評論社 1968
נושאים:
תגים: הוספת תג
אין תגיות, היה/י הראשונ/ה לתייג את הרשומה!
Thư viện lưu trữ: Trung tâm Học liệu Trường Đại học Cần Thơ
LEADER 00544nam a2200205Ia 4500
001 CTU_91618
008 210402s9999 xx 000 0 und d
082 |a 338.8 
082 |b N778 
100 |a 野口祐(のぐち たすく) 
245 0 |a 三菱コンツェルン : 
245 0 |b 経営と財務の総合分析 
245 0 |c 野口祐 
260 |a 東京 
260 |b 新評論社 
260 |c 1968 
650 |a Corporations 
650 |z Japan 
904 |i Ngoc 
980 |a Trung tâm Học liệu Trường Đại học Cần Thơ